| 000 | 00354nam a2200157Ia 4500 | ||
|---|---|---|---|
| 100 | _aHayt/W.H/ Kemmerly/J.E | ||
| 250 | _a7 | ||
| 942 | _cBK | ||
| 366 | _f20 | ||
| 245 | _aEngineering Circuit Analysis matlab examples | ||
| 260 |
_bTata Mc Graw hill Ltd. _c2010 |
||
| 082 |
_a621.3192 _bHAY |
||
| 300 | _a738 | ||
| 546 |
_aENGLISH _cTTL |
||
| 999 |
_c19693 _d19693 |
||